Loading...

Simhasan /

Bibliographic Details
Main Author: Arun Sadhu
Format: Printed Book
Language:Hindi
Published: Radhakrishna , 1980.
LEADER 00351nam a2200121Ia 4500
008 150624b xxu||||| |||| 00| | hin d
100 |a Arun Sadhu 
245 |c Arun Sadhu  |a Simhasan / 
260 |b Radhakrishna ,  |c 1980. 
546 |a In Hindi. 
942 |c BK 
999 |c 91445  |d 91445 
952 |0 0  |1 0  |4 2  |7 0  |9 91387  |a UL  |b UL  |c ST1  |d 1998-09-15  |p 50961  |r 2012-10-27  |w 2012-10-27  |y BK